| 000 | 00419nam a2200181Ia 4500 | ||
|---|---|---|---|
| 005 | 20140410101604.0 | ||
| 008 | 140130s9999 xx 000 0 und d | ||
| 050 |
_aPR 6058 _b.B146 2001 |
||
| 245 |
_cBen M. Baglio _aInto the blue |
||
| 260 |
_bScholastic, _c2000 |
||
| 300 |
_a163 p. : _c21 cm. |
||
| 440 |
_v1 _931174 |
||
| 521 | _aG5 | ||
| 526 | _c740 | ||
| 942 |
_cBK _2lcc |
||
| 999 |
_c41069 _d41069 |
||